000 01047cam a2200337 a 4500
001 1990
003 FISKH
005 20251118085205.0
008 871027s1987 maua j 000 1 eng
010 _a 87029261
020 _a0887080561
020 _a9780590425674
040 _aDLC
_cDLC
_dDLC
_beng
042 _alcac
050 0 0 _aPZ7.C21476
_bHp 1987
082 0 0 _a092
_219
100 1 _aCarle, Eric.
245 1 2 _aA house for Hermit Crab /
_cEric Carle.
260 _aNew York :
_bScholastic,
_c1987.
300 _a32 pages :
_bcolor illustrations ;
_c29 cm
505 _aM
520 _aA hermit crab who has outgrown his old shell moves into a new one, which he decorates and enhances with the various sea creatures he meets in his travels.
521 8 _a540
_bLexile
521 8 _aM
_bRaz-Plus
650 1 _aHermit crabs
_xFiction.
650 1 _aCrabs
_xFiction.
650 1 _aMarine animals
_xFiction.
650 1 _aDwellings
_xFiction.
906 _a7
_bcbc
_corignew
_d1
_eocip
_f19
_gy-gencatlg
942 _2ddc
_cBK
_n0
999 _c1990
_d1990